Southville International School and Colleges
Your cart is empty.
  • Cart
  • Lists
    Public lists Eva Luna New books Lux_list list_1
    Your lists Log in to create your own lists
  • Log in to your account
  • Your cookies
  • Search history
Southville International School and Colleges
  • Advanced search
  • Recent comments
  • Most popular
  • Libraries

Log in to your account

Log in with GOOGLE


If you do not have an external account, but do have a local account, you can still log in:

  1. Home
  2. MARC view: Prioritization, delegation, and assignment in LPN/LVN nursing :
Normal view MARC view ISBD view

Prioritization, delegation, and assignment in LPN/LVN nursing : (Record no. 366797)

[ view plain ]
MARC details
000 -LEADER
fixed length control field 00852nam a22002297a 4500
003 - CONTROL NUMBER IDENTIFIER
control field 0
005 - DATE AND TIME OF LATEST TRANSACTION
control field 20241122120050.0
008 - FIXED-LENGTH DATA ELEMENTS--GENERAL INFORMATION
fixed length control field 241122b xxu||||| |||| 00| 0 eng d
020 ## - INTERNATIONAL STANDARD BOOK NUMBER
International Standard Book Number 9780323779166
050 ## - LIBRARY OF CONGRESS CALL NUMBER
Classification number RT 55
Item number .L33 2023
100 ## - MAIN ENTRY--PERSONAL NAME
Personal name LaCharity, Linda A.,
Relator term author.
245 ## - TITLE STATEMENT
Title Prioritization, delegation, and assignment in LPN/LVN nursing :
Remainder of title practice exercises for the NCLEX-PN examination /
Statement of responsibility, etc Linda A. LaCharity, Candice K. Kumagai, Shirley Meier Hosler.
250 ## - EDITION STATEMENT
Edition statement 1st ed.
260 ## - PUBLICATION, DISTRIBUTION, ETC. (IMPRINT)
Place of publication, distribution, etc St. Louis, Missouri :
Name of publisher, distributor, etc Elsevier,
Date of publication, distribution, etc 2023.
300 ## - PHYSICAL DESCRIPTION
Extent xi, 223 p. ;
Dimensions 28 cm.
650 ## - SUBJECT ADDED ENTRY--TOPICAL TERM
Topical term or geographic name as entry element Nursing
Form subdivision Problems, exercises, etc.
650 ## - SUBJECT ADDED ENTRY--TOPICAL TERM
Topical term or geographic name as entry element Practical nursing Examinations.
650 ## - SUBJECT ADDED ENTRY--TOPICAL TERM
Topical term or geographic name as entry element Practical nursing Examinations
Form subdivision Study guides.
700 ## - ADDED ENTRY--PERSONAL NAME
Personal name Kumagai, Candice K.,
Relator term author.
700 ## - ADDED ENTRY--PERSONAL NAME
Personal name Hosler, Shirley Meier,
Relator term author.
942 ## - ADDED ENTRY ELEMENTS (KOHA)
Source of classification or shelving scheme Library of Congress Classification
Koha item type Books
Holdings
Withdrawn status Lost status Source of classification or shelving scheme Damaged status Home library Current library Shelving location Date acquired Source of acquisition Sub Shelving location Total Checkouts Full call number Barcode Date last seen Price effective from Koha item type
    Library of Congress Classification   College Library College Library Reserve Section 11/22/2024 Library Fund     RT 55 .L33 2023 C24075 11/22/2024 11/22/2024 Books

Prioritization, delegation, and assignment in LPN/LVN nursing :

APA

LaCharity L. A., Kumagai C. K. & Hosler S. M. (2023). Prioritization, delegation, and assignment in LPN/LVN nursing. St. Louis, Missouri: Elsevier.

Chicago

LaCharity Linda A, Kumagai Candice K and Hosler Shirley Meier. 2023. Prioritization, delegation, and assignment in LPN/LVN nursing. St. Louis, Missouri: Elsevier.

Harvard

LaCharity L. A., Kumagai C. K. and Hosler S. M. (2023). Prioritization, delegation, and assignment in LPN/LVN nursing. St. Louis, Missouri: Elsevier.

MLA

LaCharity Linda A, Kumagai Candice K and Hosler Shirley Meier. Prioritization, delegation, and assignment in LPN/LVN nursing. St. Louis, Missouri: Elsevier. 2023.

  • Place hold
  • Print
  • Cite
  • Add to your cart (remove)
  • Save record
    BIBTEX Dublin Core MARCXML MARC (non-Unicode/MARC-8) MARC (Unicode/UTF-8) MARC (Unicode/UTF-8, Standard) MODS (XML) RIS
  • More searches
    Search for this title in:
    Other Libraries (WorldCat) Other Databases (Google Scholar) Online Stores (Bookfinder.com) Open Library (openlibrary.org)

Exporting to Dublin Core...

SOUTHVILLE LIBRARY

Southville International School and Colleges Library

1281 Tropical Ave. Cor. Luxembourg St., BF Homes International, Las Pinas City

Tel. No. 8256374 / 252358 Loc. 117/146

Powered by Koha